Anales de la Universidad de Chile: memorias científicas y literarias

Na minha lista:
Detalhes bibliográficos
Autor Corporativo: Universidad de Chile (Author)
Formato: Livro
Idioma:espanhol
Publicado em: Santiago Editorial Universitaria 1965
Edição:1a. ed
Assuntos:
Tags: Adicionar Tag
Sem tags, seja o primeiro a adicionar uma tag!

MARC

LEADER 00000cam a2200000 a 4500
001 UCE5110
003 CL-VaPUC
008 141204e19650000cl |||||||||||||||||spa|d
082 0 4 |a 378  |b UNI  |2 21 
110 2 |a Universidad de Chile  |e author  |9 577599 
245 1 0 |a Anales de la Universidad de Chile: memorias científicas y literarias 
250 |a 1a. ed 
300 |a 296 p 
942 |c BK 
945 |d 20141204 15:21:00  |a arojas 
260 |a Santiago  |b Editorial Universitaria  |c 1965 
500 |a Año 123 abril-junio 1965 No 134 
650 0 |a Educación superior   |9 223851 
650 0 |a Anales   |9 440070 
650 0 |a Artículos   |9 392753 
650 7 |a CRONICAS  |2 CL-VaPUC  |9 336724 
650 7 |a INVESTIGACIONES  |2 CL-VaPUC  |9 261211 
650 0 |a Crítica e interpretación literaria  |9 266284 
650 0 |a Lingüística  |9 265068 
583 |a last modification  |c 20141204 15:21:00  |k Rodrigo Vera 
999 |c 357917  |d 357915 
952 |0 0  |1 0  |3 erb  |4 0  |6 378_000000000000000_UNI_1965  |7 0  |8 X  |9 466076  |a FDOBUD  |b FDOBUD  |i 5108446  |o 378 UNI 1965  |p 5108446  |r 2019-11-23  |w 2019-11-23  |y BK_X  |z Catalogado en:20141204  |k BUD